|
|
|
|
| LEADER |
01230nam a2200313 i 4500 |
| 001 |
36285 |
| 003 |
BD-DhAAL |
| 005 |
20211130144230.0 |
| 008 |
191015t1976 nyua b 001 0 eng |
| 999 |
|
|
|c 41565
|d 41565
|
| 010 |
|
|
|a 75037696
|
| 020 |
|
|
|a 0470013982
|
| 040 |
|
|
|a DLC
|c DLC
|d DLC
|d BD-DhAAL
|
| 050 |
0 |
0 |
|a LB2823
|b .C66
|
| 082 |
0 |
0 |
|a 379.15
|
| 100 |
1 |
|
|a Cooley, William W.
|9 35990
|
| 245 |
1 |
0 |
|a Evaluation research in education /
|c William W. Cooley and Paul R. Lohnes.
|
| 260 |
|
|
|a New York :
|b Irvington Publishers : distributed by Halsted Press,
|c c1976.
|
| 300 |
|
|
|a xi, 368 pages ;
|c 23 cm.
|
| 500 |
|
|
|a Includes index.
|
| 504 |
|
|
|a Includes bibliographical references (p. [351]-362) and index.
|
| 526 |
|
|
|a BIED
|
| 541 |
|
|
|a Complimentary copy from BIED
|e 36285
|
| 650 |
|
0 |
|a Educational surveys.
|x Social science
|9 35991
|
| 650 |
|
0 |
|a Education
|x Research.
|9 35992
|
| 700 |
1 |
|
|a Lohnes, Paul R.,
|e joint author.
|9 35993
|
| 852 |
|
|
|a Ayesha Abed Library
|c BIED Collection
|
| 942 |
|
|
|2 ddc
|c BK
|
| 952 |
|
|
|0 0
|1 0
|2 ddc
|4 0
|6 379_150000000000000_COO
|7 0
|9 66716
|a BRACUL
|b BRACUL
|c GEN
|d 2019-10-15
|e Complimentary copy from BIED
|l 0
|o 379.15 COO
|p 3010036285
|r 2019-10-15
|t 1
|w 2019-10-15
|y BK
|x Transferred from BIED to General Stacks
|